000 00752cam a22002292 4500
001 0000020177
005 20151217154438.0
008 110822s xx 000 0 eng d
020 _a8177586770
040 _aKABU
_cKABU
100 1 _aPage-Jones, Meilir.
_@0000179161
245 1 0 _aFundamentals of object-oriented design in UML /
_cMeilir Page-Jones.
250 _a1st ed.
260 _aIndia :
_bPearson,
_c2000.
300 _a480 p.
650 0 _aObject oriented programming (Computer science)
_@0000148166
650 0 _aObject-oriented analysis and design (Computer science)
_@0000179162
650 0 _aUML (Computer science)
_@0000154690
852 1 _9p2500 KES
908 _a110822
950 _@1
999 _c11319
_d11319